| 000 | 01044nam a2200229Ia 4500 | ||
|---|---|---|---|
| 999 |
_c55903 _d55903 |
||
| 001 | 23001 | ||
| 003 | GE_BSU | ||
| 005 | 20230622160121.0 | ||
| 008 | 181216s1978||||ge |||||||||||||| ||geo|| | ||
| 040 | _cGE_BSU | ||
| 041 | _ageo | ||
| 080 | _a82.0 ლ-68 | ||
| 245 |
_aლიტერატურის თეორიის საფუძვლები : _bლიტერატურის ზოგადი კანონზომიერება / _cა. გაწერელია და სხვ. |
||
| 264 |
_aთბილისი : _bგანათლება, _c1978. |
||
| 300 |
_a442 გვ. ; _c20 სმ. |
||
| 541 | _h8ლ. 40თ. | ||
| 653 | _aლიტერატურის ზოგადი კანონზომიერება | ||
| 653 | _aლიტერატურის თეორია | ||
| 653 | _aლიტერატურის თეორიის საფუძვლები | ||
| 700 |
_aგაწერელია, ა. _eრედაქტორი _918902 |
||
| 942 |
_cBK _2udc |
||